Unemployment in Europe: perceptions and policy responses

Teoretické interpretácie, príčiny a navrhované riešenia nezamestnanosti vo vyspelých európskych krajinách koncom 80. a v 90. rokoch a ich praktické vplyvy na spoločnosť. Spôsoby riešenia nezamestnanosti v európskych krajinách. Príčiny nezamestnanosti. Súčasné stratégie členských štátov EÚ v boji s n...

Descrizione completa

Salvato in:
Dettagli Bibliografici
Autore principale: Kvapilová, Erika
Natura: Capitolo di libro
Lingua:inglese
Soggetti:
Tags: Aggiungi Tag
Nessun Tag, puoi essere il primo ad aggiungerne!!

MARC

LEADER 00000naa a2200000 4500
001 r032286
005 20230929072005.6
041 0 |a eng 
044 |a SK 
245 1 0 |a Unemployment in Europe: perceptions and policy responses  |c Erika Kvapilová 
520 |a Teoretické interpretácie, príčiny a navrhované riešenia nezamestnanosti vo vyspelých európskych krajinách koncom 80. a v 90. rokoch a ich praktické vplyvy na spoločnosť. Spôsoby riešenia nezamestnanosti v európskych krajinách. Príčiny nezamestnanosti. Súčasné stratégie členských štátov EÚ v boji s nezamestnanosťou. 
610 2 0 |a nezamestnanosť 
610 2 0 |a Európa 
610 2 0 |a zamestnanosť 
610 2 0 |a zamestnanosť plná 
610 2 0 |a pojmy 
610 2 0 |a stratégia hospodárska 
610 2 0 |a vláda 
610 2 0 |a Európska únia 
100 1 |a Kvapilová, Erika